[Event "5. Governador Mario Covas"]
[Site "Santos BRA"]
[Date "2005.09.26"]
[Round "1.1"]
[White "Vescovi, Giovanni"]
[Black "Rodriguez, Andres"]
[Result "1-0"]
[WhiteElo "2640"]
[BlackElo "2523"]
[PlyCount "104"]
[EventDate "2005.09.26"]
[EventType "schev"]
[EventRounds "6"]
[EventCountry "BRA"]
[Source "lmi"]
[SourceDate "2005.10.02"]
[BlackTeam "América do Sul"]

1. e4 e6 2. d4 d5 3. Nc3 Bb4 4. e5 c5 5. a3 Bxc3+ 6. bxc3 Qa5 7. Bd2 Qa4 8. Qb1
c4 9. g3 Nc6 10. Bg2 Bd7 11. Ne2 O-O-O 12. O-O Nge7 13. Nf4 h5 14. h4 Nf5 15.
Qd1 g6 16. Nh3 Qa5 17. a4 Nce7 18. Qe1 Bxa4 19. Ng5 Nh6 20. Ra2 b5 21. Qa1 Nc6
22. Bc1 Rd7 23. Ba3 Kb7 24. Bc5 Ka8 25. Qb2 Nf5 26. Rfa1 Qc7 27. Nf3 g5 28.
hxg5 h4 29. g4 h3 30. gxf5 hxg2 31. Kxg2 Qc8 32. Qc1 Qg8 33. Qf4 Rd8 34. Qg3
exf5 35. e6 fxe6 36. Bd6 Rd7 37. Be5 Nxe5 38. Qxe5 f4 39. Re1 Qh7 40. Qxe6 Bxc2
41. Rxc2 Rd6 42. Qg4 Qxc2 43. Qxf4 Rd7 44. Qf6 Qh7 45. Qc6+ Rb7 46. Re8+ Rxe8
47. Qxe8+ Rb8 48. Qe6 Qb7 49. Ne1 a5 50. Nc2 Rc8 51. f4 Ka7 52. f5 Qg7 1-0

[Event "5. Governador Mario Covas"]
[Site "Santos BRA"]
[Date "2005.09.26"]
[Round "1.3"]
[White "Milos, Gilberto"]
[Black "Felgaer, Ruben"]
[Result "0-1"]
[WhiteElo "2606"]
[BlackElo "2618"]
[PlyCount "84"]
[EventDate "2005.09.26"]
[EventType "schev"]
[EventRounds "6"]
[EventCountry "BRA"]
[Source "lmi"]
[SourceDate "2005.10.02"]

1. e4 c5 2. Nf3 Nc6 3. d4 cxd4 4. Nxd4 Nf6 5. Nc3 e5 6. Ndb5 d6 7. Bg5 a6 8.
Bxf6 gxf6 9. Na3 b5 10. Nd5 f5 11. Bd3 Be6 12. O-O Bxd5 13. exd5 Ne7 14. Re1
Bg7 15. c3 O-O 16. Qh5 e4 17. Bf1 Re8 18. Rad1 Rc8 19. Nc2 Rc5 20. Rd2 Qc8 21.
g3 Rxd5 22. Red1 Rxd2 23. Rxd2 Qc5 24. Ne3 Qe5 25. a4 f4 26. Qxe5 dxe5 27. Nd5
Nxd5 28. Rxd5 bxa4 29. Bxa6 Rb8 30. Bb5 f3 31. g4 Bf6 32. c4 Kf8 33. h4 e3 34.
fxe3 e4 35. Rd2 Bxh4 36. Bxa4 Be1 37. Rd1 Rxb2 38. Bc6 Bf2+ 39. Kf1 Bxe3 40.
Re1 Rf2+ 41. Kg1 Rg2+ 42. Kh1 f2 0-1

[Event "5. Governador Mario Covas"]
[Site "Santos BRA"]
[Date "2005.09.27"]
[Round "2.3"]
[White "Rodriguez, Andres"]
[Black "Milos, Gilberto"]
[Result "1-0"]
[WhiteElo "2523"]
[BlackElo "2606"]
[PlyCount "45"]
[EventDate "2005.09.26"]
[EventType "schev"]
[EventRounds "6"]
[EventCountry "BRA"]
[Source "lmi"]
[SourceDate "2005.10.02"]
[WhiteTeam "América do Sul"]

1. e4 c5 2. Nf3 Nc6 3. d4 cxd4 4. Nxd4 Nf6 5. Nc3 d6 6. f3 e6 7. Be3 Be7 8. Qd2
O-O 9. g4 a6 10. O-O-O Nxd4 11. Qxd4 b5 12. h4 Qa5 13. g5 b4 14. Ne2 Nd7 15.
Kb1 e5 16. Qd2 Nc5 17. Nc1 Be6 18. Bh3 Qc7 19. h5 Bxh3 20. Rxh3 Ne6 21. g6 fxg6
22. Rg1 Bf6 23. Nd3 1-0

[Event "5. Governador Mario Covas"]
[Site "Santos BRA"]
[Date "2005.09.29"]
[Round "4.1"]
[White "Rodriguez, Andres"]
[Black "Vescovi, Giovanni"]
[Result "0-1"]
[WhiteElo "2523"]
[BlackElo "2640"]
[PlyCount "92"]
[EventDate "2005.09.26"]
[EventType "schev"]
[EventRounds "6"]
[EventCountry "BRA"]
[Source "lmi"]
[SourceDate "2005.10.02"]
[WhiteTeam "América do Sul"]

1. e4 c6 2. d4 d5 3. Nd2 dxe4 4. Nxe4 Bf5 5. Ng3 Bg6 6. Bc4 e6 7. N1e2 Bd6 8.
O-O Nd7 9. Nf4 Bxf4 10. Bxf4 Ngf6 11. Bb3 O-O 12. Re1 Re8 13. c4 a5 14. c5 Nd5
15. Bd6 N7b6 16. Bxd5 Nxd5 17. Ne4 a4 18. a3 b5 19. cxb6 Nxb6 20. Bc5 Bxe4 21.
Rxe4 Nd5 22. Qc2 Qd7 23. Rh4 g6 24. Re1 Reb8 25. Qd2 Rb7 26. Qh6 f5 27. Re2 Nc3
28. Rc2 Ne4 29. Qc1 Rab8 30. f3 Qd8 31. Qe1 Nxc5 32. dxc5 Qf6 33. Rxa4 Rxb2 34.
Rxb2 Rxb2 35. Ra8+ Kg7 36. Ra7+ Kh6 37. Qc1+ f4 38. Ra4 g5 39. h3 Re2 40. Kh2
Qf5 41. Ra7 Qd3 42. Qa1 e5 43. Qf1 e4 44. Qa1 exf3 45. Qg7+ Kh5 46. Qf7+ Qg6
0-1

[Event "5. Governador Mario Covas"]
[Site "Santos BRA"]
[Date "2005.09.29"]
[Round "4.3"]
[White "Felgaer, Ruben"]
[Black "Milos, Gilberto"]
[Result "1/2-1/2"]
[WhiteElo "2618"]
[BlackElo "2606"]
[PlyCount "68"]
[EventDate "2005.09.26"]
[EventType "schev"]
[EventRounds "6"]
[EventCountry "BRA"]
[Source "lmi"]
[SourceDate "2005.10.02"]

1. e4 c5 2. Nf3 Nc6 3. d4 cxd4 4. Nxd4 Nf6 5. Nc3 d6 6. Bg5 e6 7. Qd2 a6 8.
O-O-O Bd7 9. f4 b5 10. Bxf6 gxf6 11. Kb1 Qb6 12. Nxc6 Bxc6 13. f5 b4 14. Ne2 e5
15. Ng3 Qc5 16. Bd3 a5 17. Nh5 Ke7 18. g4 Rg8 19. h3 a4 20. Rhe1 Rg5 21. Qe3
Qxe3 22. Rxe3 Bh6 23. Re2 Rgg8 24. Bc4 Bg5 25. Bd5 Bb5 26. Rh2 Ra7 27. Re1 Bh4
28. Re3 Rc8 29. a3 bxa3 30. Rxa3 Bc4 31. Bxc4 Rxc4 32. Re2 Rb7 33. c3 Rb3 34.
Ra2 Rb5 1/2-1/2

[Event "5. Governador Mario Covas"]
[Site "Santos BRA"]
[Date "2005.09.30"]
[Round "5.3"]
[White "Milos, Gilberto"]
[Black "Rodriguez, Andres"]
[Result "0-1"]
[WhiteElo "2606"]
[BlackElo "2523"]
[PlyCount "68"]
[EventDate "2005.09.26"]
[EventType "schev"]
[EventRounds "6"]
[EventCountry "BRA"]
[Source "lmi"]
[SourceDate "2005.10.02"]
[BlackTeam "América do Sul"]

1. e4 e6 2. d4 d5 3. Nc3 Bb4 4. e5 Ne7 5. a3 Bxc3+ 6. bxc3 c5 7. Qg4 Qc7 8. Bd3
cxd4 9. Ne2 dxc3 10. Qxg7 Rg8 11. Qxh7 Nbc6 12. f4 Rxg2 13. Rg1 Rxg1+ 14. Nxg1
Qb6 15. Nf3 Kd8 16. Qxf7 Bd7 17. Ke2 Kc7 18. Qh7 Re8 19. Be3 d4 20. Bf2 Nd5 21.
Rg1 Re7 22. Qg6 Be8 23. Qe4 Qc5 24. Rg4 Qxa3 25. Nxd4 Ncb4 26. Rh4 Kd8 27. Rh7
Nxd3 28. Nxe6+ Kc8 29. Kxd3 Bc6 30. Rh8+ Kd7 31. Nf8+ Kc7 32. Qc4 Qc1 33. Qc5
Qd1+ 34. Ke4 Qxc2+ 0-1

[Event "5. Governador Mario Covas"]
[Site "Santos BRA"]
[Date "2005.10.01"]
[Round "6.3"]
[White "Rodriguez, Andres"]
[Black "Leitao, Rafael"]
[Result "0-1"]
[WhiteElo "2523"]
[BlackElo "2598"]
[PlyCount "86"]
[EventDate "2005.09.26"]
[EventType "schev"]
[EventRounds "6"]
[EventCountry "BRA"]
[Source "lmi"]
[SourceDate "2005.10.02"]
[WhiteTeam "América do Sul"]

1. f4 d5 2. Nf3 Nf6 3. d3 g6 4. g3 Bg7 5. Bg2 O-O 6. O-O c5 7. c3 Nc6 8. Na3 b6
9. Qe1 Ba6 10. Rb1 Rc8 11. b4 cxb4 12. cxb4 Bb7 13. Bb2 Ng4 14. Bxg7 Kxg7 15.
e4 dxe4 16. dxe4 b5 17. Kh1 Qb6 18. Rb3 Rfd8 19. Qe2 Nf6 20. Nc2 a5 21. f5 gxf5
22. Ne3 fxe4 23. Nf5+ Kf8 24. Ng5 Rd5 25. Nxh7+ Nxh7 26. Qh5 Rxf5 27. Rxf5 Nd8
28. Rb1 Kg7 29. Rbf1 Qg6 30. Qh4 f6 31. Rxb5 Ng5 32. Qg4 Ba6 33. Rd1 Rc2 34.
Rxg5 Qxg5 35. Qxe4 Rc1 36. Qxe7+ Nf7 37. Qe1 Rxd1 38. Qxd1 axb4 39. Bd5 Ne5 40.
Qc2 Qe3 41. Kg2 Qe1 42. Kh3 Qf1+ 43. Bg2 Qc4 0-1

[Event "5. Governador Mario Covas Rápido"]
[Site "Santos BRA"]
[Date "2005.09.27"]
[Round "2.2"]
[White "Rodriguez, Andres"]
[Black "Milos, Gilberto"]
[Result "1/2-1/2"]
[WhiteElo "2523"]
[BlackElo "2606"]
[PlyCount "113"]
[EventDate "2005.09.26"]
[EventType "rapid"]
[EventRounds "6"]
[EventCountry "BRA"]
[Source "lmi"]
[SourceDate "2005.10.02"]
[WhiteTeam "América do Sul"]

1. e4 c5 2. Nf3 Nc6 3. d4 cxd4 4. Nxd4 Nf6 5. Nc3 d6 6. Be3 e6 7. f3 Be7 8. Qd2
O-O 9. O-O-O a6 10. g4 Nxd4 11. Qxd4 b5 12. g5 Nd7 13. Kb1 Ne5 14. f4 Nc6 15.
Qd2 b4 16. Ne2 a5 17. Nc1 Qc7 18. h4 d5 19. f5 exf5 20. exd5 Rd8 21. Qf2 Rb8
22. Bf4 Ne5 23. d6 Bxd6 24. Qg3 Re8 25. Rh2 Bb7 26. Rhd2 Be4 27. Bg2 Rbc8 28.
Bxe4 fxe4 29. Qg2 Bf8 30. Qxe4 Qc6 31. Re2 Qxe4 32. Rxe4 Ng6 33. Rxe8 Rxe8 34.
Bg3 f5 35. gxf6 gxf6 36. Rd5 a4 37. Ra5 a3 38. Nd3 Re3 39. Bf2 Re2 40. Kc1 Bh6+
41. Kd1 Rd2+ 42. Ke1 Rxc2 43. bxa3 bxa3 44. Rxa3 Ne5 45. Nxe5 fxe5 46. Ra6 Bf4
47. a4 Ra2 48. h5 Kf7 49. Ra7+ Ke6 50. Rxh7 Rxa4 51. Rh8 Kf5 52. h6 Ke4 53. h7
Ra1+ 54. Ke2 Rh1 55. Bc5 Rh2+ 56. Ke1 Kf3 57. Bd6 1/2-1/2

[Event "5. Governador Mario Covas Rápido"]
[Site "Santos BRA"]
[Date "2005.09.27"]
[Round "2.3"]
[White "Leitao, Rafael"]
[Black "Felgaer, Ruben"]
[Result "1-0"]
[WhiteElo "2598"]
[BlackElo "2618"]
[PlyCount "67"]
[EventDate "2005.09.26"]
[EventType "rapid"]
[EventRounds "6"]
[EventCountry "BRA"]
[Source "lmi"]
[SourceDate "2005.10.02"]

1. d4 d5 2. c4 c6 3. Nc3 dxc4 4. e4 b5 5. a4 b4 6. Na2 Nf6 7. e5 Nd5 8. Bxc4 e6
9. Nf3 Be7 10. Bd2 Ba6 11. b3 Qb6 12. Qe2 O-O 13. O-O c5 14. dxc5 Bxc5 15. Rac1
Bxc4 16. Rxc4 Nd7 17. Qe4 Rfc8 18. Ng5 g6 19. Qh4 Nf8 20. Rfc1 Rc7 21. Nxb4
Rac8 22. Nd3 Be7 23. Rxc7 Rxc7 24. Rxc7 Qxc7 25. Qc4 Qb8 26. Nf3 Nd7 27. h4 h5
28. b4 N7b6 29. Qc2 Qb7 30. b5 Nd7 31. Nd4 Qb6 32. Qc8+ Nf8 33. Nc6 Ba3 34. Ba5
1-0

[Event "5. Governador Mario Covas Rápido"]
[Site "Santos BRA"]
[Date "2005.09.29"]
[Round "4.3"]
[White "Rodriguez, Andres"]
[Black "Leitao, Rafael"]
[Result "0-1"]
[WhiteElo "2523"]
[BlackElo "2598"]
[PlyCount "112"]
[EventDate "2005.09.26"]
[EventType "rapid"]
[EventRounds "6"]
[EventCountry "BRA"]
[Source "lmi"]
[SourceDate "2005.10.02"]
[WhiteTeam "América do Sul"]

1. e4 c6 2. d4 d5 3. Nc3 dxe4 4. Nxe4 Bf5 5. Ng3 Bg6 6. Bc4 Nd7 7. N1e2 e6 8.
O-O Bd6 9. Nf4 Bxf4 10. Bxf4 Ngf6 11. a4 a5 12. Re1 O-O 13. Bd6 Re8 14. Ba3 Qb8
15. b3 b5 16. Be2 Nd5 17. Bf3 Qc7 18. c4 bxc4 19. bxc4 Nb4 20. Ne4 Rab8 21. c5
Bxe4 22. Bxe4 Nf6 23. Rb1 Nxe4 24. Rxe4 Nd5 25. Re1 Rxb1 26. Qxb1 Rb8 27. Qd3
h6 28. g3 Qb7 29. Bc1 Qb4 30. Kg2 Qc3 31. Qd2 Rb3 32. Qxc3 Rxc3 33. Bd2 Ra3 34.
Bxa5 Rxa4 35. Bb6 Rxd4 36. Ra1 Kh7 37. Ba7 Nc3 38. Ra6 Ra4 39. Rxa4 Nxa4 40.
Kf3 Kg6 41. Ke4 f6 42. Kd4 e5+ 43. Kc4 Nb2+ 44. Kb4 Kf5 45. f3 Nd3+ 46. Ka5 Ke6
47. Kb6 Kd5 48. Kc7 f5 49. Kd7 e4 50. fxe4+ fxe4 51. Bb6 e3 52. Ba5 e2 53. Ke7
e1=Q+ 54. Bxe1 Nxe1 55. Kf7 g5 56. Kg6 g4 0-1

[Event "5. Governador Mario Covas Rápido"]
[Site "Santos BRA"]
[Date "2005.09.30"]
[Round "5.2"]
[White "Milos, Gilberto"]
[Black "Rodriguez, Andres"]
[Result "1-0"]
[WhiteElo "2606"]
[BlackElo "2523"]
[PlyCount "49"]
[EventDate "2005.09.26"]
[EventType "rapid"]
[EventRounds "6"]
[EventCountry "BRA"]
[Source "lmi"]
[SourceDate "2005.10.02"]
[BlackTeam "América do Sul"]

1. d4 e6 2. Nf3 Nf6 3. Bg5 b6 4. e3 Be7 5. Bd3 Bb7 6. Nbd2 c5 7. c3 Nc6 8. O-O
cxd4 9. exd4 Nd5 10. Bxe7 Qxe7 11. Re1 O-O 12. Nc4 Nf4 13. Bf1 b5 14. Ne3 a6
15. g3 Ng6 16. a4 Na7 17. axb5 axb5 18. d5 f5 19. Qd4 f4 20. Rxa7 Rxa7 21. Qxa7
fxe3 22. Qxb7 Rxf3 23. fxe3 Qg5 24. Bg2 Rxe3 25. Qb8+ 1-0

[Event "5. Governador Mario Covas Rápido"]
[Site "Santos BRA"]
[Date "2005.09.30"]
[Round "5.3"]
[White "Felgaer, Ruben"]
[Black "Leitao, Rafael"]
[Result "1/2-1/2"]
[WhiteElo "2618"]
[BlackElo "2598"]
[PlyCount "78"]
[EventDate "2005.09.26"]
[EventType "rapid"]
[EventRounds "6"]
[EventCountry "BRA"]
[Source "lmi"]
[SourceDate "2005.10.02"]

1. e4 c6 2. Nc3 d5 3. Nf3 Bg4 4. h3 Bxf3 5. Qxf3 e6 6. d4 dxe4 7. Nxe4 Qxd4 8.
Bd3 Nd7 9. Be3 Qd5 10. Bf4 Ne5 11. Bxe5 Qxe5 12. O-O-O Be7 13. Rhe1 Nf6 14. Kb1
O-O-O 15. Nxf6 Qxf6 16. Qxf6 Bxf6 17. Be2 Bd4 18. Rf1 Kc7 19. c3 Bb6 20. Kc2
Rxd1 21. Rxd1 Rd8 22. Rf1 f5 23. f4 g6 24. Bc4 Be3 25. Bd3 e5 26. fxe5 Re8 27.
h4 h5 28. Rf3 Rxe5 29. Rg3 g5 30. hxg5 f4 31. Rh3 Rxg5 32. Be4 Bf2 33. Bf3 h4
34. Rh1 Re5 35. Rf1 Bg3 36. Rd1 Re3 37. Rd3 Re1 38. Rd1 Re3 39. Rd3 Re1 1/2-1/2

[Event "5. Governador Mario Covas Rápido"]
[Site "Santos BRA"]
[Date "2005.10.01"]
[Round "6.1"]
[White "Vescovi, Giovanni"]
[Black "Rodriguez, Andres"]
[Result "0-1"]
[WhiteElo "2640"]
[BlackElo "2523"]
[PlyCount "50"]
[EventDate "2005.09.26"]
[EventType "rapid"]
[EventRounds "6"]
[EventCountry "BRA"]
[Source "lmi"]
[SourceDate "2005.10.02"]
[BlackTeam "América do Sul"]

1. e4 e6 2. d4 d5 3. Nc3 Bb4 4. e5 c5 5. a3 Bxc3+ 6. bxc3 Nc6 7. Qg4 g6 8. Nf3
Qa5 9. Bd2 Qa4 10. Ra2 cxd4 11. cxd4 b6 12. h4 h5 13. Qf4 Ba6 14. Ng5 Nh6 15.
Bxa6 Qxa6 16. Qf6 Kd7 17. Nxf7 Nxd4 18. Kd1 Ng4 19. Qf4 Qe2+ 20. Kc1 Qc4 21.
Kb1 Rhf8 22. f3 Nf2 23. Re1 Rac8 24. Bb4 Nd3 25. Qd2 Nxb4 0-1